Quizzes
Events
Quiz Creation
Community
Videos
Private Events
Remove Ads
Sign In
Join for FREE
Feedback
Dark Mode
Quiz Categories
Sports
Geography
Music
Movies
Television
Just For Fun
Miscellaneous
History
Literature
Language
Science
Gaming
Entertainment
Religion
Holiday
For Kids
Quiz Lab
Recent
Popular Today
Quiz Kudos Today
Editor Picks
Curator Picks
Quizzes by...
Day
Popularity
Type
Ratings
Length
Year
Community
Subscriptions
Recent Discussions
Orange Saloon
Badges
Playlists
Quests
Create
Leaderboards
Showdown
Live 5
Trivia Bingo
Activity
Puzzle Library
Sporcle Events
Private Events
Virtual Trivia
Globe League
Become a Host
Pub Owners
SporcleCon
Opinionation
Our Games
Videos
Blog
Mobile Apps
Partnerships
Remove Ads and Go Orange
Feedback
Miscellaneous
Crossword
General Knowledge
Baby Names
Logo
Food
Cars
Numbers
Grab Bag
University
College
Popular
Company
Slogans
Restaurants
Justice
Letter
Miscellaneous
Crossword
General Knowledge
Baby Names
Logo
Food
Cars
Numbers
Grab Bag
University
College
Popular
Company
Slogans
Restaurants
Justice
Letter
Random Quiz
Search Sporcle
×
Quiz Lab
Quiz Lab
Miscellaneous
Numbers
Type in answers that appear in a list
Type in answers that appear in a list
Classic
Best Score? Go Orange.
Fractions, Radicals, Numbers o My Stats
Can you name the Fractions, Radicals, Numbers o My?
By
juicejuice09
3m
10 Questions
327 Plays
327 Plays
327 Plays
Comments
Comments
Give Quiz Kudos
Give Quiz Kudos
-
- Ratings
hide this ad
Replay
Link that replays current quiz
Next Quiz
Link to next quiz in quiz playlist
You Got
0%
They Got
Avg Score
77%
Avg Friend Score
Upgrade to see
Score Distribution
Jump to the score distribution portion of the page
Score
0/10
Timer
03:00
0
Plays Today
problem
solution
% Correct
11x11
121
98.5%
square root of 64
8
89.6%
pi (only the first 5 numbers)
3.1415
89%
10 to the 5th power
100000
88%
square root of -
1
i
77.9%
3/
8 (only 3 numbers) lol
.375
73.6%
1/
6 (only 3 numbers)
.166
73%
1/
7 (only 3 numbers)
.142
66.3%
sin=opposite over hypotenuse as tan=
opposite over adjacent
66.3%
100/
99 (first 6 numbers)
1.01010
54.3%
Quiz Playlist
Details
Report
Send in Message
Add To Playlist
Classic:
Type in answers that appear in a list
Last Updated: Feb 16, 2017
Quiz Scoreboard
CHALLENGE
Sign Up to Join the Scoreboard
Show All
Scores
Hide
Comments
May contain spoilers
Recently Published
Movies - When Are They Set?
by FPL_Elf
Movies
5m
Popular People in 1961
by mucciniale
History
6m
1-10 Letter E Words III
by El_Dandy
Language
2m
More to Explore
Quiz From the Vault
Featured Blog Post
Where Did the Easter Bunny Come From?
hide this ad
You Might Also Like...
Tags
Numbers Quiz
fraction
problem
radical
solution
Today's Top Quizzes in Miscellaneous
Browse Miscellaneous
hide this ad
Today's Top Quizzes in Numbers
Browse Numbers
Top Contributed Quizzes in Miscellaneous
1
5-to-1: Fast Food
2
The JOE quick-fire general knowledge quiz: Day 173
3
The JOE quick-fire general knowledge quiz: Day 172
4
Sunday Crossword: Famous Bodies of Water
5
The JOE quick-fire general knowledge quiz: Day 171
6
One Thing in Common: United Kingdom II
7
Named After an Animal - Odd One Out!
8
The JOE quick-fire quiz: Day 170
9
sort kpop groups by number of members
10
Sunday Crossword: Themeless #5
Explore More
Trending Topics
Disney
NBA
Crossword
Marvel
Anime
Kpop
Harry Potter
WWE
Pokémon
NFL
Song
The Office
Puzzle
Country
Soccer
hide this ad
More By:
juicejuice09
Quiz
Plays
Rating
Category
Featured
Created
highest paid athletes (endorsements/contracts/winn
1,014
2.33
Sports
Sep 28, 2009
Name the State 2
620
2.80
Geography
Sep 29, 2009
name that state
399
2.30
Geography
Sep 29, 2009
famous peoples first names
327
2.15
Miscellaneous
Sep 29, 2009
Fractions, Radicals, Numbers o My
327
3.00
Miscellaneous
Sep 29, 2009
Go to Creator's Profile
Score Distribution
Quiz Creator Spotlight
juicejuice09
Follow
Send a Message
Quizzes Created
-
Created Quiz Play Count
-
More By This Creator
Popular Quizzes Today
1
Find the Countries of Europe - No Outlines Minefield
2
Find the US States - No Outlines Minefield
3
The Countries of the World
4
Popular People in 1961
5
US States
6
1-10 Letter E Words III
7
Find the US States
8
One Thing in Common: World Cities II
More Miscellaneous Quizzes
'A' People in One Word
Published
Trending Quizzes
Risky Map Clicking: Least Populous States A-Z
1-10 Letter F Words
1-10 Letter G Words
One Thing in Common: United Kingdom
Risky Map Clicking: Next State Alphabetically
Recently Updated
Leaping Animals
pecheneg
Reality TV Shows (A-Z)
bhenderson79
Rickey Henderson's Hall of Fame Teammates
pecheneg
Champions League XIs: Arsenal
pecheneg
Quick Pick: Celebrities in WWE's Hall of Fame
aduchscher
A-Z Keypad Blitz II
pecheneg
Multiple Oscar Actors
pecheneg
Mystery Phrase Blitz: Oscar 'Best Actors'
pecheneg
F. Scott Fitzgerald Novels
LTH
Pick 3 Villains
ddd62291
Trending Topics
Marvel
Disney
Anime
Harry Potter
NBA
Kpop
Crossword
Country
NFL
WWE
Soccer
Pokémon
Puzzle
The Office
Song
Your Account Isn't Verified!
In order to create a playlist on Sporcle, you need to verify the email address you used during registration. Go to your
Sporcle Settings
to finish the process.
Report this User
Report this user for behavior that violates our
Community Guidelines
.
Details:
Send Report
Go to the Sporcle.com Mobile Site →
Comments